OPERNÁ TVORBA JÁNA CIKKERA

Bibliographic Details
Main Author: P. Igor Vajda Sj (Author)
Format: Article
Language:Slovak
Subjects:

MARC

LEADER 00000naa a2200000 a 4500
001 vtls011847063
003 SK-MaSNL
005 20260302133608.0
008 210910|1999 xo |||||||||||||||||slo|
015 |a SNBCL 
035 |a (urnnbn)urn:nbn:sk:snk:ar-008rc0 
035 |a urn:nbn:sk:snk-aaw2zs 
035 |a (uuid)eff4ca79-384f-4a83-897b-2092e7f64399 
040 |a SNKBUCL  |b slo  |c SNKBUCL  |e AACR2 
041 |a slo 
044 |a xo  |c SK 
100 1 |a P. Igor Vajda Sj  |4 aut  |9 820333 
245 1 0 |a OPERNÁ TVORBA JÁNA CIKKERA  |c P. Igor Vajda Sj 
336 |a text  |b txt  |c rdacontent 
337 |a bez média  |b n  |c rdamedia 
338 |a zväzok  |b nc  |c rdacarrier 
655 7 |a články zo zborníkov  |2 snkbucl  |9 166140 
773 0 |t Mr. Scrooge a operná tvorba Jána Cikkera  |d Banská Bystrica : Literárne a hudobné múzeum ; Bánská Bystrica : Štátna opera, 1999  |g S. 6-15  |z 8085548291 
958 |a OND 
958 |a article26 
958 |a chapter 
999 |c 1317618  |d 1319548